| 000 | 00595nam a22001697a 4500 | ||
|---|---|---|---|
| 005 | 20260203121124.0 | ||
| 008 | 260203b |||||||| |||| 00| 0 eng d | ||
| 020 | _a978-93-86235-57-2 | ||
| 050 | _aQD 79 .G 67 2018 | ||
| 245 | _aANALYTICAL METHODS:INTERPRETATION, IDENTIFICATION, QUANTIFICATION | ||
| 260 |
_aCHENNAI, _bUNIVERSITIES PRESS (INDIA) PRIVATE LIMITED, _c2018, |
||
| 300 | _aVii, 588 P, ILL | ||
| 500 | _aINCLUDES BIBLIOGRAPHICAL REFERENCES AND INDEX | ||
| 650 | _aCHEMISTRY, ANALYTIC-METHODOLOGY, CHEMICAL ANALYSIS-QUANTITATIVE | ||
| 700 | _aVISWANATHAN K S | ||
| 942 |
_2lcc _cBK |
||
| 999 |
_c216518 _d216518 |
||